| 000 | 00669cam a22002413a 4500 | ||
|---|---|---|---|
| 001 | 31269 | ||
| 003 | PGUSA | ||
| 005 | 20140828083657.0 | ||
| 008 | 100213s2010||||xxu|||||s|||||000 | eng d | ||
| 040 |
_aPGUSA _beng |
||
| 042 | _adc | ||
| 050 | 4 | _aQL | |
| 100 | 1 |
_aMiller, Olive Thorne, _d1831-1918 |
|
| 245 | 1 | 0 |
_aUpon The Tree-Tops _h[electronic resource] / _cOlive Thorne Miller |
| 260 |
_bProject Gutenberg, _c2010 |
||
| 506 | _aPublic domain in the USA. | ||
| 516 | _aElectronic text | ||
| 653 | _aBirds | ||
| 700 | 1 |
_aBeard, James Carter, _d1837-1913 |
|
| 830 | 0 |
_aProject Gutenberg _v31269 |
|
| 856 | 4 | 0 | _uhttp://www.gutenberg.org/ebooks/31269 |
| 942 | _cEB | ||
| 999 |
_c260524 _d260524 |
||